Shin Nihon Seitetsu /
Saved in:
| Corporate Author: | |
|---|---|
| Format: | Book |
| Language: | Japanese |
| Published: |
Tōkyō :
Sōyōsha : Hatsubai Eichōsha,
Shōwa 55 [1980]
|
| Series: | Shirīzu Nihon no kigyō ;
5. |
| Subjects: | |
| Tags: |
Add Tag
No Tags, Be the first to tag this record!
|
| LEADER | 01262nam a2200313 a 4500 | ||
|---|---|---|---|
| 001 | 007769828-2 | ||
| 005 | 20024617115958.0 | ||
| 008 | 901211s1980 ja a b 000 0 jpn | ||
| 010 | |a 81805753 /AJ | ||
| 015 | |a Ja*** | ||
| 035 | 0 | |a ocm22833885 | |
| 040 | |a DLC |c WaU |d *YNH* |d CStRLIN | ||
| 050 | 0 | |a HD9526.J34 |b S57 | |
| 245 | 0 | 0 | |6 880-01 |a Shin Nihon Seitetsu / |c kanshū Katō Hiroshi, Noda Kazuo ; henshū Kigyō Kenkyū Sōgō Kikō. |
| 260 | |6 880-02 |a Tōkyō : |b Sōyōsha : |b Hatsubai Eichōsha, |c Shōwa 55 [1980] | ||
| 300 | |a 221 p. : |b ill. ; |c 19 cm. | ||
| 490 | 1 | |6 880-03 |a Shirīzu Nihon no kigyō ; |v 5 | |
| 504 | |a Bibliography: p. 49. | ||
| 610 | 2 | 0 | |6 880-04 |a Shin Nihon Seitetsu Kabushiki Kaisha. |
| 710 | 2 | |6 880-05 |a Kigyō Kenkyū Sōgō Kikō (Japan) | |
| 880 | 0 | 0 | |6 245-01 |a 新日本製鐵 / |c 監修加藤寬, 野田一夫; 編集企業研究総合機構. |
| 880 | |6 260-02 |a 東京 : |b 蒼洋社 : |b 発売英潮社, |c 昭和55 [1980] | ||
| 880 | 1 | |6 490-03 |a シリーズ.日本の企業 ; |v 5 | |
| 880 | 2 | 0 | |6 610-04 |a 新日本製鐵株式会社. |
| 880 | 2 | |6 710-05 |a 企業研究総合機構 (Japan) | |
| 830 | 0 | |6 880-53 |a Shirīzu Nihon no kigyō ; |v 5. | |
| 880 | 0 | |6 830-53 |a シリーズ.日本の企業 ; |v 5. | |
| 988 | |a 20021214 | ||
| 906 | |0 DLC | ||


